আমরা বাংলাদেশী, না বাঙালী ? / (Record no. 10329)
[ view plain ]
| 000 -LEADER | |
|---|---|
| fixed length control field | 00757nam a22002057a 4500 |
| 001 - CONTROL NUMBER | |
| control field | BD-DhSAU 10329 |
| 003 - CONTROL NUMBER IDENTIFIER | |
| control field | BD-DhSAU |
| 005 - DATE AND TIME OF LATEST TRANSACTION | |
| control field | 20150627105431.0 |
| 008 - FIXED-LENGTH DATA ELEMENTS--GENERAL INFORMATION | |
| fixed length control field | 150530b1993 bg ||||| |||| 00| 0 eng d |
| 040 ## - CATALOGING SOURCE | |
| Original cataloging agency | BD-DhSAU |
| 082 ## - DEWEY DECIMAL CLASSIFICATION NUMBER | |
| Edition number | 22 |
| Classification number | ... |
| Item number | চৌধুআ |
| 100 ## - MAIN ENTRY--PERSONAL NAME | |
| Personal name | চৌধুরী, আবদুল গাফফার |
| 245 ## - TITLE STATEMENT | |
| Title | আমরা বাংলাদেশী, না বাঙালী ? / |
| Statement of responsibility, etc. | আবদুল গাফফার চৌধুরী |
| 260 ## - PUBLICATION, DISTRIBUTION, ETC. (IMPRINT) | |
| Place of publication, distribution, etc. | ঢাকা : |
| Name of publisher, distributor, etc. | অক্ষরবৃত্ত প্রকাশনী, |
| Date of publication, distribution, etc. | ১৯৯৩. |
| 300 ## - PHYSICAL DESCRIPTION | |
| Extent | ৮৭ পৃ। : |
| Dimensions | ২২ সে মি। |
| 590 ## - Name of Cataloguer | |
| Name of Cataloger | Jerin |
| 650 ## - SUBJECT ADDED ENTRY--TOPICAL TERM | |
| Topical term or geographic name as entry element | বাঙালী |
| 651 ## - SUBJECT ADDED ENTRY--GEOGRAPHIC NAME | |
| Geographic name | বাংলাদেশ |
| 942 ## - ADDED ENTRY ELEMENTS (KOHA) | |
| Source of classification or shelving scheme | Dewey Decimal Classification |
| Koha item type | Book |
| Withdrawn status | Lost status | Source of classification or shelving scheme | Damaged status | Not for loan | Collection code | Home library | Branch Name | Shelving location | Date acquired | Total Checkouts | Full call number | Barcode | Date last seen | Price effective from | Koha item type |
|---|---|---|---|---|---|---|---|---|---|---|---|---|---|---|---|
| Dewey Decimal Classification | Not For Loan | Reference | SAU Library | SAU Library | Reference | 27/02/1993 | ... চৌধুআ | 23037 | 27/06/2015 | 27/06/2015 | Book |
